| 000 | 00319nam a22001097a 4500 | ||
|---|---|---|---|
| 082 | _a621.56076 ELO | ||
| 100 |
_aELONKA,STEPHEN MICHAEL,MINICH,QUAID WALTON _957085 |
||
| 245 | _aSTANDARD REFRIGERATION AND AIR CONDITIONING QUESTIONS AND ANSWERS | ||
| 260 |
_aNEW YORK _bMCGRAW HILL _c1961 |
||
| 300 | _a265P | ||
| 942 | _cBK | ||
| 999 |
_c567388 _d567388 |
||